Score 0/12 Timer 02:00
0 Plays Today
Clue 5-Letter Word % Correct
What a bee can turn nectar intoHONEY
95.5%
A card that is often wild in [Rung 11]JOKER
80.8%
Card game in which the [Rung 12] might be wildPOKER
79.9%
'The [Rung 1] of [Rung 7]': The sequel to 'The Hustler'MONEY
77.2%
One who sharpens a bladeHONER
68.4%
A prison or Gumby's horsePOKEY
65%
Person who gives [Rung 7] to a college or causeDONOR
63.8%
Word that preceeds 'roll,' 'guard' or 'system'HONOR
62.8%
Move in a leisurely or aimless mannerMOSEY
55.9%
Actress Parker from 'Best in Show'POSEY
51.7%
'The [Rung 1] of [Rung 7]': The sequel to 'The Hustler'COLOR
43.9%
Mental suffering, pain or sorrowDOLOR
38.5%

Today's Daily Dose

Remove Ads.
Support Sporcle.
Get the best of Sporcle when you Go Orange. This ad-free experience offers more features, more stats, and more fun while also helping to support Sporcle. Thank you for becoming a member.

You're not logged in!

Compare scores with friends on all Sporcle quizzes.
OR
Log In

Show Comments

Extras

Top Quizzes Today


Score Distribution

Your Account Isn't Verified!

In order to create a playlist on Sporcle, you need to verify the email address you used during registration. Go to your Sporcle Settings to finish the process.

Report this User

Report this user for behavior that violates our Community Guidelines.

Details: